Fertiliser distribution in the Philippines

Đã lưu trong:
Bibliografiske detaljer
Hovedforfatter: De Guia, Eric O.
Format: Bog
Sprog:Undetermined
Udgivet: Paris Development Centre Of The Organisation For Economic Cooperation And Development 1970
Fag:
Tags: Tilføj Tag
Ingen Tags, Vær først til at tagge denne postø!
Thư viện lưu trữ: Trung tâm Học liệu Trường Đại học Cần Thơ
LEADER 00572nam a2200193Ia 4500
001 CTU_92850
008 210402s9999 xx 000 0 und d
082 |a 631.8 
082 |b G943 
100 |a De Guia, Eric O. 
245 0 |a Fertiliser distribution in the Philippines 
245 0 |c Eric O. De Guia 
260 |a Paris 
260 |b Development Centre Of The Organisation For Economic Cooperation And Development 
260 |c 1970 
650 |a Fertilizers 
650 |z Philippines 
904 |i Tuyến 
980 |a Trung tâm Học liệu Trường Đại học Cần Thơ